000 nam a22 7a 4500
999 _c7719
_d7719
008 171003b xxu||||| |||| 00| 0 eng d
100 _aRising
_94203
245 _aHealth Mathamatics
260 _aLondon
_bHeath and Company
_c1973